00512nam a22001697a 450000500170000001000150001702000260003203500140005803700130007208200110008510000150009624501050011126000430021627000420025930000200030170000210032120170816154028.0 aENG-119825 a9788180642340c150.00 aEN-103357 bDBAD/PUB a362.56 aSalim Shah aRegional and social disparity :c by Salim Shah [and] Niranjan Debnathba special focus on Tripura / aKolkata bProgressive Publishersc2015 a37A, College Street bKolkatae700073 a124p.c22cm(Hb) aNiranjan Debnath